Statistics for #1 Albums of the 1960's

Click here to take the quiz!

General Stats

  • This quiz has been taken 246 times
  • The average score is 35 of 72

Answer Stats

YearAlbumArtist% Correct
1967Sgt. Pepper's Lonely Hearts Club BandThe Beatles
100%
1966RevolverThe Beatles
100%
1966Yesterday and TodayThe Beatles
100%
1964Meet --- -------!The Beatles
100%
1968Magical Mystery TourThe Beatles
100%
1964--- ------- Second AlbumThe Beatles
100%
1966Rubber SoulThe Beatles
100%
1969Abbey RoadThe Beatles
100%
1965Help!The Beatles
100%
1965------- VIThe Beatles
100%
1968--- ------- (The White Album)The Beatles
100%
1965------- '65The Beatles
100%
1964A Hard Day's NightThe Beatles
100%
1969At San QuentinJohnny Cash
86%
1961Something for EverybodyElvis Presley
83%
1961Blue HawaiiElvis Presley
83%
1960G.I. BluesElvis Presley
83%
1965RoustaboutElvis Presley
83%
1968BookendsSimon & Garfunkel
81%
1968The GraduateSimon & Garfunkel
81%
1968Electric LadylandThe Jimi Hendrix Experience
79%
1960Nice 'n' EasyFrank Sinatra
78%
1966Strangers in the NightFrank Sinatra
78%
1969--- -------- IILed Zeppelin
77%
1965Out of Our HeadsThe Rolling Stones
77%
1968Wichita LinemanGlen Campbell
61%
1968Waiting for the SunThe Doors
59%
1969Green RiverCreedence Clearwater Revival
57%
1961Judy at Carnegie HallJudy Garland
51%
1968Wheels of FireCream
48%
1963Recorded Live: The 12 Year Old GeniusLittle Stevie Wonder
45%
1966--- -------The Monkees
44%
1967HeadquartersThe Monkees
44%
1967Pisces, Aquarius, Capricorn & Jones Ltd.The Monkees
44%
1967More of --- -------The Monkees
44%
1964Hello, Dolly!Louis Armstrong
43%
1969TCBDiana Ross & The Supremes and The Temptations
41%
1963In the WindPeter, Paul and Mary
41%
1962-----, ---- and ----Peter, Paul and Mary
41%
1964----- ---- ConcertThe Beach Boys
41%
1967Greatest HitsThe Supremes
38%
1966-------- A' Go-GoThe Supremes
34%
1964PeopleBarbra Streisand
33%
1962Modern Sounds in Country and Western MusicRay Charles
33%
1965Whipped Cream and Other DelightsHerb Alpert and the Tijuana Brass
29%
1966Going PlacesHerb Alpert and the Tijuana Brass
29%
1966What Now My LoveHerb Alpert and the Tijuana Brass
29%
1967Sounds Like...Herb Alpert and the Tijuana Brass
29%
1968The Beat of the BrassHerb Alpert and the Tijuana Brass
29%
1967Ode to Billie JoeBobbie Gentry
24%
1968Cheap ThrillsBig Brother and the Holding Company
23%
1969-----, ----- & -----Blood, Sweat & Tears
21%
1966If You Can Believe Your Eyes and EarsThe Mamas & the Papas
20%
1966Ballads of Green BeretsSgt. Barry Sadler
19%
1963The Singing NunSoeur Sourire, The Singing Nun
19%
1963Days of Wine and RosesAndy Williams
18%
1961The Button-Down Mind Strikes Back!Bob Newhart
18%
1960The Button-Down Mind of --- -------Bob Newhart
18%
1968Time Peace: --- ------- Greatest HitsThe Rascals
11%
1962My Son, the Folk SingerAllan Sherman
9%
1963My Son, the NutAllan Sherman
9%
1963My Son, the CelebrityAllan Sherman
9%
1961Wonderland by NightBert Kaempfert
6%
1968Blooming HitsPaul Mauriat and His Orchestra
6%
1961Calcutta!Lawrence Welk
5%
1960Sold OutThe Kingston Trio
5%
1960Here We Go Again!The Kingston Trio
5%
1962The First FamilyVaughn Meader
4%
1960Theme From A Summer PlaceBilly Vaughn and His Orchestra
3%
1969----- -----Blind Faith
3%
1961ExodusErnest Gold
3%
1963Songs I Sing on the Jackie Gleason ShowFrank Fontaine
3%

Score Distribution

Percentile by Number Answered

Percent of People with Each Score

Your Score History

You have not taken this quiz